| 000 | 00369nam a22001577a 4500 | ||
|---|---|---|---|
| 003 | SGT | ||
| 020 | _a9789353941390 | ||
| 082 | _a620,SHA | ||
| 100 | _aSHACKELFORD, JAMES | ||
| 245 | _aINTRODUCTION TO MATERIALS SCIENCE FOR ENGINEERS | ||
| 250 | _a8TH | ||
| 260 |
_aINDIA _bPEARSON _c2020 |
||
| 300 | _a617 | ||
| 650 | _aMECHANICAL ENGINEERING | ||
| 942 |
_2ddc _cBK |
||
| 999 |
_c24967 _d24967 |
||